| 000 | 00789nam a2200205 i 4500 | ||
|---|---|---|---|
| 001 | 128710 | ||
| 003 | ES-MaACL | ||
| 005 | 20250805055623.0 | ||
| 007 | t| | ||
| 008 | 070524s1944 sp a |||| | spa d | ||
| 100 | 1 |
_aTamayo y Rubio, Juan Antonio. _9149830 |
|
| 245 | 1 | 0 |
_aMadrid por Carlos III _b: fiestas reales en la villa y corte : estudio histórico literario / _cpor Juan Antonio Tamayo. |
| 260 |
_aMadrid : _bSección de Cultura e Información, _c1944. |
||
| 300 |
_a82 p. : _bil. ; _c23 cm. |
||
| 595 | _aTirada aparte de: Revista de la Biblioteca, Archivo y Museo, año 13, n. 50 (jul. 1934) | ||
| 600 | 0 | 4 |
_aCarlos _bIII, _cRey de España _935305 |
| 650 | 4 |
_aFiestas reales- _zMadrid- _yS.XVIII. _912789 |
|
| 852 |
_aES-MaACL _j1849-F-10 |
||
| 999 |
_c128710 _d128710 |
||